000 01010nam a2200265 a 4500
001 000022664
005 20200930021727.0
008 101014s1997 es 001 0 spa d
020 _a8423988155
040 _aDO-SdBNP
_bspa
_cBNPHU
082 _axxxx
_bW671a
100 1 _awilde, Oscar
_d1854-1900
_946621
245 1 0 _aEl abanico de Lady windermere; :
_bLa importancia de llamarse Ernesto ; Un marido ideal ; Una mujer sin importancia ; El crítico como artista ; Ensayos ; Cuentos completos /
_cOscar Wilde.
260 _aMadrid, :
_bEditorial Espasa Calpe,
_c1997.
_fHuertas
300 _a711 p. ;
_c22 cm.
490 1 _aAntología de la literatura universal
563 _aVarias obras empaginadas en páginas continuas
740 2 _aLa importancia de llamarse Ernesto
740 2 _aUn marido ideal ; Una mujer sin importancia
740 2 _aEl crítico como artista
740 2 _aEnsayos
740 2 _aCuentos completos
830 0 _aAntología de la literatura universa
_946616
049 _aBNPD
999 _c22161
_d22161